000 08045namaa22004211i 4500
003 EG-GICUC
005 20260216103509.0
008 260209s2025 ua a|||frm||| 000 0 eng d
040 _aEG-GICUC
_beng
_cEG-GICUC
_dEG-GICUC
_erda
041 0 _aeng
_beng
_bara
049 _aDeposit
082 0 4 _a420
092 _a420
_221
097 _aPh.D
099 _aCai01.02.12.Ph.D.2025.Sh.M
100 0 _aShereen Shawky Abou Shosha Abdelwahab Elnahal,
_epreparation.
245 1 0 _aMetaphorical Conceptualization of the Russia–Ukraine War in Selected British and Chinese Newspaper Editorials in English /
_cby Shereen Shawky Abou Shosha Abdelwahab Elnahal ; Supervision Dr. Norice William Methias
246 1 5 _aالتصّور الاستعاري للحرب الروسية الأوكرنية في مقالات افتتاحية مختارة من صحف بريطانية وصينية باللغة اإلنجليزية
264 0 _c2025.
300 _a210 pages :
_billustrations ;
_c25 cm. +
_eCD.
336 _atext
_2rda content
337 _aUnmediated
_2rdamedia
338 _avolume
_2rdacarrier
502 _aThesis (Ph.D)-Cairo University, 2025.
504 _aBibliography: pages 199 -210.
520 3 _aConceptual metaphor is widely utilized in journalistic discourse as a cognitive mechanism that enables the embodiment and understanding of abstract experiences. Within this framework, the current study investigates the use of conceptual metaphors in British and Chinese English-language editorials concerning the Russia–Ukraine war. The dataset consists of forty widely circulated editorials, including twenty from The Guardian and The Telegraph and twenty from Global Times and China Daily, published between February 2022 and December 2023. These newspapers have been selected for their global visibility, viral reach, and influence in shaping public opinion. Adopting a mixed-methods approach, the study applies Charteris-Black’s (2004) Critical Metaphor Analysis and Conceptual Metaphor Theory (Lakoff & Johnson, 1980), alongside quantitative analysis to measure metaphor frequency. A key finding is the shared portrayal of Ukraine as the victim across both sets of editorials. However, the top ten conceptual metaphors used in each context reveal significant ideological divergence. Chinese editorials frequently draw on metaphors such as NARRATIVE, FIRE, JOURNEY, and BUILDING. In contrast, British editorials predominantly employ metaphors like DISEASE, ANIMAL, BUSINESS, and COMPETITION. Chinese texts promote a narrative of negotiation and stability, while British ones emphasize aggression and the necessity of confrontation. Furthermore, the differing metaphorical framings are highlighted when tackling the same shared metaphors.
520 3 _aتقدم هذه الرسالة دراسة حسابية مقارنة لامتصاص الأترازين على نقاط الجرافين الكمومية المعدلة كيميائياً باستخدام نظرية الكثافة الوظيفية (DFT). استُخدمت استراتيجيات مختلفة لتحسين أداء امتصاص المواد القائمة على الجرافين: (1) توظيف نقاط الجرافين الكمومية المثقبة (ZTRI) بمجموعات قطبية مثل الكربوكسيل (COOH-) والسيانيد (CN-)، (2) التطعيم غير المتجانس الذري لنقاط الجرافين الكمومية السداسية (AHEX) باستخدام البورون (B) والنيتروجين (N) والكبريت (S). يُعرف الأترازين، وهو مبيد أعشاب واسع الاستخدام، بلونه كلور بنزينه في الماء واحتمالية تأثيره السلبية والصحية الضارة، مما يجعله ملوثاً مائياً ذا اهتمام خاص. ونظراً لاستخدامه الكبير في الزراعة وانتشاره البيئي، فإن استراتيجيات إزالته الفعالة بالغة الأهمية. تمثل نُظم المعالجة القائمة على الجرافين بديلاً متميزاً لإزالة الأترازين من حيث التكلفة، وحدوث أقل للتلوث الثانوي، والفعالية الممتازة، مع القدرة على التعديل البنيوي والتحكم في آليات التفاعلات. أظهرت النتائج أن نقاط الجرافين الكمومية المثقبة ZTRI المرتبطة كنظام نموذجي، وعُدل بمجموعتي COOH وCN، ومع الأترازين بالقرب من المواقع الوظيفية على مسافات محسنة (ZTRI–CN: 1.8 Å، ZTRI–COOH: 2.27 Å، ZTRI: 2.49 Å). أظهرت الحسابات النظرية أن عملية التشكيل أدت إلى تقليص فواصل فراغية تراوحت بين 0.9 و8.0 أنغستروم، مع طاقات امتصاص متوسطة (1.28–1.31 eV). كما أظهر التحليل المداري الأمامي أن فجوة الامتزاز النظري تقل مع تقليل HOMO–LUMO، مما يوضح قوة التفاعل. وأثبتت خرائط MESP والأهمية تحت الحمراء أن الامتزاج الحراري والتوزيع الإلكتروني في المركبات يعزز فعالية الامتزاز. أما بالنسبة لنقاط الجرافين AHEX المطعمة بالبورون والنيتروجين والكبريت، فقد أظهرت نتائج الامتزاز أنها أكثر كفاءة في دراسة تأثيرها على فعالية الأترازين، وجه الأترازين بالقرب من مناطق الممتزات الفعالة الناتجة عن كل منشِّط. المسافات البنائية بلغت حوالي (B) 3.7 Å، (N) 1.92 Å، وتكاملت بـــ (S) قريبة للذرة. النتائج المحسوبة بيّنت تغييرات إلكترونية جوهرية انعكست على خصائص الامتزاز. أعلى طاقة امتصاص سُجلت كانت (8.22 eV)، وأقل فجوة طاقة للمدارات الأمامية والخلفية (HOMO–LUMO) بلغت (3.58 eV). كما أن الكثافة الإلكترونية المتراكمة أظهرت انتقال شحنة بمقدار (0.29 e⁻) وطاقات امتزاز (–0.62 eV، –0.52 eV). كشفت نتائج مواقع الامتزاز ذات الذرة (S) أن اتجاهات التفاعل والأنماط المدارية الأمامية والخلفية كانت أكثر استقراراً، مما يعكس فعالية أعلى لامتصاص الأترازين. كما بيّنت النتائج أن التطعيم غير المتجانس بنقاط AHEX حسّن الأداء، حيث وفّر تفاعلاً إلكترونياً قوياً مع جزيئات الأترازين عبر مدارات HOMO وLUMO، مما يُظهر قدرة امتصاص مميزة لكل من البورون والنيتروجين والكبريت. وعليه، فإن النتائج أكدت أن المعصِّرات النووية الداعمة المثقبة لنقاط الجرافين، والتي عُدّلت بمجموعات قطبية أو دُعّمت بذرات غير متجانسة، تُظهر كفاءة امتصاصية ثابتة، وخاصة للأترازين، بكفاءة عالية لإزالته من مصادر المياه الملوثة
530 _aIssues also as CD.
546 _aText in English and abstract in Arabic & English.
650 0 _aEnglish Language
650 0 _aاللغة الانجليزية
653 1 _aCritical Metaphor Analysis
_aConceptual Mapping
_aSource Domain
_aTarget Domain
700 0 _aNorice William Methias
_ethesis advisor.
900 _b01-01-2025
_cNorice William Methias
_UCairo University
_FFaculty of Arts
_DDepartment of English Language and Literature
905 _aShimaa
_eEman Ghareb
942 _2ddc
_cTH
_e21
_n0
999 _c178297